00609nam a22001811 450000500170000000800410001702000250005803700420008304000180012510000190014324500480016226000410021027000950025130000260034650000230037260000160039570000160041120050808122104.0721219s1962 nyu 000 0 eng  a9788123753607c55.00 bNorth India Publishers & Distributors adplbEnglish  aChandra, Bipan aCommunalism : a primer / bby Bipin Chandra aNew DelhibNational Book Trustc2007 aDirector, NBT, Nehru Bhawan, Institutional Area, Phase-II, Vasant Kunjb New Delhie110070 a121 p.c22 cm. (pbk)  aincludes appendix aRekha Sinha aRekha Sinha